Anatomy of seed plants.

محفوظ في:

المؤلف الرئيسي: Esau, Katherine, 1898-1997.

مؤلفون آخرون: Matzke, Edwin Bernard, 1902-1969.

التنسيق: كتاب

اللغة: English

منشور في: New York : Wiley, [1960].

الموضوعات:

الوسوم: إضافة وسم

لا توجد وسوم, كن أول من يضع وسما على هذه التسجيلة!

رقم الطلب: QK641 .E8

LEADER 00601nam a22002177a 4500
003 OSt
005 20251117124734.0
008 251117t1960 nyua b 000 0 eng d
040 |c ARCE Library 
050 1 4 |a QK641  |b .E8 
100 1 |a Esau, Katherine,   |d 1898-1997. 
245 1 0 |a Anatomy of seed plants. 
264 1 |a New York :  |b Wiley,  |c [1960]. 
300 |a xvi, 376 p. :  |b illus. ;  |c 24 cm. 
504 |a Includes bibliographies. 
650 0 |a Plant cells and tissues. 
650 0 |a Plant anatomy. 
700 1 |a Matzke, Edwin Bernard,   |d 1902-1969. 
901 |a reviewed 
942 |2 lcc  |c BK 
999 |c 48727  |d 48727